| 000 | 00596nam a2200217 a 4500 | ||
|---|---|---|---|
| 005 | 20240924071041.0 | ||
| 008 | 010621s1994 r 000 0 eng d | ||
| 020 | _a8437613000 | ||
| 035 | _aUPN01000108792 | ||
| 049 | _aCG | ||
| 050 | 4 |
_aP99.4 P7.2 _bC3.4 |
|
| 100 | 1 | _aCalvo Pérez, Julio | |
| 245 | 1 | 0 |
_aIntroducción a la pragmática del español / _cJulio Calvo Pérez. |
| 260 |
_aMadrid : _bCátedra, _c1994. |
||
| 300 | _a286 p. | ||
| 440 | 0 | _aLingüística | |
| 650 | 4 |
_aLingüística _96151 |
|
| 650 | 2 |
_aPragmática _919234 |
|
| 650 | 4 |
_aSignos y símbolos _96045 |
|
| 905 | _aLibro | ||
| 999 |
_c82703 _d82703 |
||